Porovnanie regresných algoritmov v machine learning diplomová práca

Uložené v:
Podrobná bibliografia
Hlavný autor: Ilavská, Michaela
Korporativný autor: Fakulta hospodárskej informatiky EU. Katedra štatistiky
Ďalší autori: Komara, Silvia, 1985-
Médium: Kniha
Jazyk:Slovak
Vydavateľské údaje: Bratislava 2024
Tagy: Pridať tag
Žiadne tagy, Buďte prvý, kto otaguje tento záznam!

MARC

LEADER 00000nbm a2200000 4500
001 0301136
005 20250904102324.9
041 0 |a slo 
044 |a SK 
245 1 0 |a Porovnanie regresných algoritmov v machine learning  |b diplomová práca  |c Michaela Ilavská ; školiteľ: Silvia Komara 
264 1 |a Bratislava  |c 2024 
300 |a 68 s. 
100 1 |a Ilavská, Michaela 
700 1 |a Komara, Silvia, 1985- 
710 2 |a Fakulta hospodárskej informatiky EU. Katedra štatistiky